00380nam a22001217a 4500082001000000100002200010245010100032260002700133300002200160526001900182650002500201700003200226 aT-274 aAhmad Faraz Khan  aReal-Time Analysis of Flood Through Automatic Early Warning System bA Case Study of Swat River aRisalpur,bMCE,c2020. a57 pages.c30 cm. a0b0c0dT_274 aDisaster Management  aSupervisor Dr Naeem Shahzad